000
00192 a2200097 4500
020
_a
9780590254687
041
_a
eng
100
_a
Paulette Bourgeois
245
_a
Franklins Blanket
942
_c
K
999
_c
28091
_d
28091